000 00773nam a22002537a 4500
005 20170124110054.0
010 _aA-816857
020 _c00.00
_a0074622641
035 _aA-816857
037 _bCen Lib/Ret
040 _aDPL
_bEN
082 _a658.3
_bMON
100 _aMonappa, Arun
_925958
245 _aPersonnel management /
_cby Arun Monappa [and] Mirja Saiyadain
250 _a2nd ed
260 _aNew Delhi
_bTata McGraw-Hill Publishing
_c1997
270 _a412, Asaf Ali Road
_bNew Delhi
_e110002
300 _a416p.
_c21cm(Hb)
500 _aIncludes bibliographical reference and index
650 _aManagement
_93072
650 _aPersonnel management
_913632
700 _aSaiyadain, Mirja
_9107385
942 _2ddc
_cEN
_h658.3
_mMON
999 _c129296
_d129296